| 000 | 01499nam a22002417a 4500 | ||
|---|---|---|---|
| 999 |
_c63214 _d63214 |
||
| 003 | Ge_BSU | ||
| 005 | 20250630145230.0 | ||
| 008 | 250630s2025 ge ||||| |||| 00| 0 geo d | ||
| 020 | _a9789941995514 | ||
| 041 | _ageo | ||
| 080 | _a32(479.22): 396(479.22) ც-51 | ||
| 100 |
_aცეცხლაძე, თათია _910407 |
||
| 245 |
_aქართული პოლიტიკური ზეპირმეტყველების ანალიზი გენდერულ ჭრილში / _cთათია ცეცხლაძე; რედაქტორები: მანანა თანდაშვილი, მარიამ ყამარაული. |
||
| 264 |
_aბათუმი, _c 2025. |
||
| 300 |
_a208 გვ. : _bგრაფ., ცხრ. ; _c20 სმ. |
||
| 500 | _aკვლევა განხორციელდა შოთა რუსთაველის საქართველოს ეროვნული სამეცნიერო ფონდის მხარდაჭერით. | ||
| 504 | _aბიბლიოგრაფია: გვ.207-208 | ||
| 653 | _a პოლიტიკური ზეპირმეტყველება | ||
| 653 | _aპოლტიკა | ||
| 700 |
_aთანდაშვილი, მანანა _eრედაქტორი _92139 |
||
| 700 |
_aყამარაული, მარიამ _eრედაქტორი _925571 |
||
| 942 |
_2udc _cᲬᲘᲒᲜᲘ |
||